Представление документа в формате RUSMARC

ПолеНазваниеЗначение
  Тип записи a
  Библиографический уровень m
001 Контрольный номер RU/CBS_UL/BASE/592504100
005 Дата корректировки 20240209174841.2
010 Индекс ISBN __
a ISBN 5-278-00068-6
b Уточнения в пер.
d Цена 1 р. 20 к.
9 Тираж 50 000 экз.
100 Данные общей обработки __
a Данные общей обработки 20181010d2018 ||| 0rusy0189 ca
101 Язык документа 0_
a Язык текста rus
102 Страна публикации __
a Страна публикации RU
105 Кодированные данные (монография) __
a Кодированные данные (монография) y###||||000|y
200 Заглавие и сведения об ответственности 1_
a Заглавие Гонка с тенью
b Общее обозначение материала Текст
e Сведения, относящиеся к заглавию пять штрихов к портрету одного поколения
e Сведения, относящиеся к заглавию о советских велосипедистах
f Первые сведения об ответственности В. М. Кучмий
210 Выходные данные 1_
a Место издания Москва
c Издательство Физкультура и спорт
d Дата издания 1988
215 Физическое описание __
a Объем 207, [1] с.
c Иллюстрации/тип воспроизводства ил.
d Формат 20 см.
300 Общие примечания __
a Общие примечания Ограничения по возрасту - 16+
300 Общие примечания __
a Общие примечания Под инв. номером 27196: 2-1
606 Тематические рубрики 0_
a Основная рубрика Велосипедный спорт в СССР
610 Ключевые слова 0_
a Ключевые слова спорт
a Ключевые слова спорт велосипедный
a Ключевые слова гонки велосипедные
a Ключевые слова велосипедисты советские
686 Индексы других классификаций __
a Классификационный индекс 75.721
2 Код системы ББК
700 Автор _1
a Фамилия Кучмий
b Имя (инициалы) Владимир Михайлович
g Полное личное имя В. М.
801 Источник записи _0
a Страна RU
b Организация МБУК ЦБС
c Дата составления 20181010
g Правила каталогизации RCR
801 Источник записи _1
a Страна RU
b Организация МБУК ЦБС г. Ульяновска
c Дата составления 20181010
g Правила каталогизации RCR
899 Данные о местонахождении __
i Авторский знак К 95
j Расстановочный фильтр 75.7
901 Тип документа __
t Тип документа m
910 Корректоры записи __
a Корректор записи Мазина